45. výročie Zmluvy o zásadách činnosti štátov pri výskume a využívaní kozmického priestoru vrátane mesiaca a iných nebeských telies

Počiatky prenikania do kozmického priestoru. Formovanie nového odvetvia – kozmického práva. Problémy a otázky spojené s predmetnou problematikou.

Gespeichert in:
Bibliographische Detailangaben
1. Verfasser: Mráz, Stanislav
Format: Buchkapitel
Sprache:Slowakisch
Schlagworte:
Tags: Tag hinzufügen
Keine Tags, Fügen Sie das erste Tag hinzu!

MARC

LEADER 00000naa a2200000 4500
001 0164316
005 20240502072851.0
041 0 |a slo 
044 |a SK 
245 1 0 |a 45. výročie Zmluvy o zásadách činnosti štátov pri výskume a využívaní kozmického priestoru vrátane mesiaca a iných nebeských telies  |c Stanislav Mráz 
520 |a Počiatky prenikania do kozmického priestoru. Formovanie nového odvetvia – kozmického práva. Problémy a otázky spojené s predmetnou problematikou. 
610 2 0 |a právo kozmické 
610 2 0 |a právo letecké 
610 2 0 |a spolupráca medzinárodná 
610 2 0 |a spolupráca vedeckovýskumná 
610 2 0 |a politika medzinárodná 
100 1 |a Mráz, Stanislav